|
|
|
|
| LEADER |
00950nam a2200253 a 4500 |
| 001 |
000261476 |
| 003 |
CZ BrMZK |
| 005 |
20070907123801.0 |
| 008 |
980108s1993 xr f eng d |
| 040 |
|
|
|a BOA001
|b cze
|
| 080 |
|
|
|a 331.2
|2 MRF
|
| 100 |
1 |
|
|a Filer, Randall Keith
|7 xx0003192
|4 aut
|
| 245 |
1 |
4 |
|a The search for compensating differentials :
|b is there a pot of gold after all? : Prague, July 1993 /
|c Randall K. Filer.
|
| 260 |
|
|
|a Prague :
|b CERGE,
|c 1993
|
| 300 |
|
|
|a [39] s. :
|b il. ;
|c 30 cm
|
| 490 |
1 |
|
|a Working papers ;
|v No. 41
|
| 500 |
|
|
|a Bibliogr.
|
| 653 |
0 |
|
|a mzdy
|
| 710 |
2 |
|
|a Univerzita Karlova.
|b Centrum pro ekonomický výzkum a doktorské studium
|7 olak2002113688
|
| 710 |
2 |
|
|a Univerzita Karlova.
|b Fakulta sociálních věd
|7 kn20010709362
|
| 830 |
|
0 |
|a Working papers
|
| 910 |
|
|
|a BOA001
|b TK-A-0262.413
|
| 990 |
|
|
|a BK
|
| 996 |
7 |
|
|b 2620009242
|c TK-A-0262.413
|l MZK
|r Sklad / do 24 hodin
|n 0
|p dar
|w 000261476
|u 000010
|a 1
|e BOA001
|j MZK50
|s A
|